000 00923nam0a22002771 4500
001 v19\rc\1696551
005 20250619025345.0
035 _a(NLR Aleph) 004799279
090 _a4811841
_c4811841
100 _a20061002d1897 |||y0rusy50 ca
101 1 _arus
_cger
102 _aRU
105 _ay z |||||
200 1 _aПривычные запоры и их лечение
_fПроф. C.A. Ewald
_gПер. д-ра Алекс. Говсеева
210 _aХарьков
_cЯ.О. Фрейфельд
_d1897
215 _a[2], 27 с.
_d24
700 1 _aЭвальд
_bК.А.
_f1845-1915
_gКарл Антон
702 1 _aГовсеев
_bА.А.
_f1872-
_gАлександр Акимович
_4730
801 0 _aRU
_bNLR
_gpsbo
801 0 _aRU
_bRuMoRGB
_2psbo
801 1 _aRU
_bProSoft-M
_2rusmarc
852 _aNLR
_j18.224.6.290
899 _aRuMoRGB
_jU 25/1633
899 _aRuMoRGB
_jU 250/1371
942 _cBOOK
980 _aNB